| 000 | 00000nam##2200000za#4500 |
| 001 | 9.699177 |
| 003 | CaOODSP |
| 005 | 20210625000250 |
| 007 | cr ||||||||||| |
| 008 | 150407|1995||||xxc|||||o f|0| 0 eng|d |
| 040 | |aCaOODSP|beng |
| 043 | |an-cn--- |
| 086 | 1 |aEn108-4/65-1995E-PDF |
| 110 | 1 |aCanada.|bCanadian Council of Ministers of the Environment. |
| 245 | 10|aReport to the Canadian Council of Ministers of the Environment by the Task Force on Cleaner Vehicles and Fuels |h[electronic resource] |
| 260 | |aWinnipeg - Manitoba : |bCanadian Council of Ministers of the Environment |c[1995]. |
| 300 | |a5p. |
| 590 | |a14-21-Supp|b2014-12-11 |
| 690 | 07|aAtmospheric emissions|2gcpds |
| 690 | 07|aAutomobiles|2gcpds |
| 690 | 07|aFuels|2gcpds |
| 775 | 08|tRapport présenté au Conseil canadien des ministres de l'Environnement par le Groupe d'étude sur les véhicules et les carburants moins polluants |w(CaOODSP)9.643292 |
| 856 | 40|ahttp://publications.gc.ca|qPDF|s83 KB|uhttps://publications.gc.ca/collections/collection_2014/ec/En108-4-65-1995-eng.pdf |